[Event "FRA-chT4 1415"]
[Site "Champagne Ardennes"]
[Date "2015.01.11"]
[Round "4.1"]
[White "Fourcart, Maxence"]
[Black "Guyot, Philippe"]
[Result "1-0"]
[WhiteElo "2066"]
[BlackElo "1969"]
[PlyCount "103"]
[EventDate "2014.10.16"]
[EventType "team-tourn"]
[EventRounds "7"]
[EventCountry "FRA"]
[SourceTitle "EXT 2024"]
[Source "ChessBase"]
[SourceDate "2023.10.10"]
[SourceVersion "1"]
[SourceVersionDate "2023.10.10"]
[SourceQuality "1"]

1. d4 e6 2. c4 Bb4+ 3. Bd2 Bxd2+ 4. Nxd2 Nf6 5. Ngf3 0-0 6. g3 b6 7. Bg2 Bb7 8. 0-0 d6 9. Qc2 Nbd7 10. e4 e5 11. Rfe1 Re8 12. Nf1 Rb8 13. d5 a5 14. a3 Qe7 15. b4 axb4 16. axb4 Ra8 17. Ne3 Qf8 18. Nd2 Rxa1 19. Rxa1 Ra8 20. Qb2 Rxa1+ 21. Qxa1 Qa8 22. Qxa8+ Bxa8 23. Bh3 Bb7 24. Kg2 g6 25. f4 Kg7 26. Kf3 Ba6 27. Nb3 h6 28. Nc1 b5 29. Bf1 bxc4 30. Bxc4 Bc8 31. Nd3 h5 32. Bb5 exf4 33. gxf4 Nb6 34. Bc6 Ng4 35. Nxg4 Bxg4+ 36. Kg3 f6 37. b5 Be2 38. Nb4 Kf7 39. Na6 Bd3 40. Kf3 g5 41. Nxc7 g4+ 42. Ke3 Bf1 43. Be8+ Ke7 44. Bxh5 Kd7 45. Ne6 f5 46. Nd4 fxe4 47. Bxg4+ Kd8 48. Kxe4 Ke7 49. Nf5+ Kd8 50. Nxd6 Kc7 51. Ke5 Bg2 52. Be6 1-0

[Event "FRA-chT4 1415"]
[Site "Champagne Ardennes"]
[Date "2014.12.14"]
[Round "3.1"]
[White "Boillon, Vincent"]
[Black "Fourcart, Maxence"]
[Result "1/2-1/2"]
[WhiteElo "2072"]
[BlackElo "2061"]
[PlyCount "73"]
[EventDate "2014.10.16"]
[EventType "team-tourn"]
[EventRounds "7"]
[EventCountry "FRA"]
[SourceTitle "EXT 2024"]
[Source "ChessBase"]
[SourceDate "2023.10.10"]
[SourceVersion "1"]
[SourceVersionDate "2023.10.10"]
[SourceQuality "1"]

1. d4 d5 2. c4 c6 3. Nc3 Nf6 4. Nf3 a6 5. c5 Bf5 6. Qb3 Qc8 7. Bf4 Nbd7 8. h3 g6 9. g4 Be4 10. Rg1 Bxf3 11. exf3 e5 12. dxe5 Nxc5 13. Qc2 Nfd7 14. Bg3 Bg7 15. 0-0-0 0-0 16. f4 Re8 17. h4 b5 18. h5 b4 19. hxg6 hxg6 20. Ne2 b3 21. axb3 Qb7 22. Nd4 Rab8 23. Bd3 Nxb3+ 24. Nxb3 Qxb3 25. Qxb3 Rxb3 26. Bc2 Rb4 27. Rge1 Nc5 28. Re3 Reb8 29. Rc3 R8b5 30. f3 d4 31. Ra3 Rc4 32. Kb1 Bf8 33. Bf2 d3 34. Raxd3 Nxd3 35. Bxd3 Rxf4 36. Bxb5 axb5 37. Rd8 1/2-1/2

[Event "FRA-chT4 0506"]
[Site "France"]
[Date "2006.03.12"]
[Round "6"]
[White "Fourcart, Maxence"]
[Black "Djellouli, Hassine"]
[Result "1-0"]
[WhiteElo "2020"]
[BlackElo "2080"]
[PlyCount "55"]
[EventDate "2005.10.02"]
[EventType "team"]
[EventRounds "9"]
[EventCountry "FRA"]
[SourceTitle "EXT 2007"]
[Source "ChessBase"]
[SourceDate "2006.11.23"]
[SourceVersion "1"]
[SourceVersionDate "2006.11.23"]
[SourceQuality "1"]

1. d4 d5 2. Bg5 h6 3. Bh4 c5 4. c3 Qb6 5. Qb3 Qxb3 6. axb3 cxd4 7. cxd4 Nc6 8. e3 e5 9. dxe5 Bb4+ 10. Nc3 g5 11. Bg3 d4 12. exd4 Nxd4 13. Rd1 Nc2+ 14. Kd2 Nd4 15. Bc4 Ne7 16. Nge2 Nec6 17. Nxd4 Nxd4 18. Kc1 Bxc3 19. bxc3 Nf5 20. f3 Bd7 21. Bf2 Bc6 22. Rd2 0-0 23. e6 b5 24. exf7+ Kg7 25. Be6 Kf6 26. Re1 Rad8 27. Rxd8 Rxd8 28. Bxf5 1-0

[Event "FRA-chT4 0506"]
[Site "France"]
[Date "2006.01.15"]
[Round "4"]
[White "Sohier, Renaud"]
[Black "Fourcart, Maxence"]
[Result "0-1"]
[WhiteElo "1940"]
[BlackElo "2020"]
[PlyCount "82"]
[EventDate "2005.10.02"]
[EventType "team"]
[EventRounds "9"]
[EventCountry "FRA"]
[SourceTitle "EXT 2007"]
[Source "ChessBase"]
[SourceDate "2006.11.23"]
[SourceVersion "1"]
[SourceVersionDate "2006.11.23"]
[SourceQuality "1"]

1. d4 d5 2. c4 c6 3. Nf3 Nf6 4. g3 a6 5. Bg2 b5 6. c5 Nbd7 7. 0-0 e6 8. Nbd2 Be7 9. Nb3 a5 10. a3 0-0 11. Bd2 Ne4 12. Be1 f5 13. Nfd2 Bf6 14. f3 Nxd2 15. Qxd2 a4 16. Nc1 e5 17. e3 e4 18. f4 g5 19. fxg5 Bxg5 20. Bh3 Nf6 21. Bxf5 Bxf5 22. Rxf5 Ng4 23. Rf4 Bxf4 24. exf4 Qf6 25. h3 Nh6 26. Bf2 Rae8 27. Be3 Nf5 28. Ne2 Rf7 29. Kf2 Nxe3 30. Qxe3 Qd8 31. g4 Qa5 32. f5 Qc7 33. Nf4 Rb8 34. Kg1 Rb7 35. Ne6 Qb8 36. Kg2 Rbe7 37. Qh6 b4 38. Ng5 bxa3 39. b4 Qxb4 40. Re1 Qb2+ 41. Kf1 e3 0-1

[Event "FRA-ch U14"]
[Site "Hyeres"]
[Date "2002.??.??"]
[Round "2.7"]
[White "Fourcart, Maxence"]
[Black "Agrech, Pierre"]
[Result "1-0"]
[WhiteElo "2060"]
[BlackElo "1850"]
[PlyCount "51"]
[EventDate "2002.04.05"]
[EventType "swiss"]
[EventRounds "9"]
[EventCountry "FRA"]
[SourceTitle "EXT 2003"]
[Source "ChessBase"]
[SourceDate "2002.11.25"]
[SourceVersion "1"]
[SourceVersionDate "2002.11.25"]
[SourceQuality "1"]

1. d4 Nf6 2. Nf3 g6 3. c4 Bg7 4. Nc3 0-0 5. e4 d6 6. Be3 h6 7. Be2 Nbd7 8. h3 b6 9. Nh2 Bb7 10. f3 Kh7 11. Qd2 c5 12. d5 Bc8 13. g4 Ng8 14. h4 Ba6 15. f4 Nb8 16. 0-0-0 Bc8 17. h5 f6 18. hxg6+ Kxg6 19. g5 f5 20. Nf1 Bh8 21. Ng3 Kg7 22. Rdg1 a6 23. gxh6+ Kh7 24. exf5 b5 25. Bd3 Bf6 26. Qg2 1-0

[Event "FRA-ch U14"]
[Site "Hyeres"]
[Date "2002.??.??"]
[Round "1.8"]
[White "Franck, Boris"]
[Black "Fourcart, Maxence"]
[Result "0-1"]
[WhiteElo "1710"]
[BlackElo "2060"]
[PlyCount "76"]
[EventDate "2002.04.05"]
[EventType "swiss"]
[EventRounds "9"]
[EventCountry "FRA"]
[SourceTitle "EXT 2003"]
[Source "ChessBase"]
[SourceDate "2002.11.25"]
[SourceVersion "1"]
[SourceVersionDate "2002.11.25"]
[SourceQuality "1"]

1. e4 c5 2. Nf3 d6 3. Nc3 Nf6 4. d4 cxd4 5. Nxd4 g6 6. Bb5+ Bd7 7. Bxd7+ Nbxd7 8. Be3 Bg7 9. 0-0 0-0 10. f3 a6 11. Nde2 Qc7 12. Nf4 e6 13. Qd2 Ne5 14. b3 Ned7 15. Rad1 Ne8 16. Nfe2 Rc8 17. Bd4 Ne5 18. f4 Nc6 19. Bxg7 Kxg7 20. f5 b5 21. fxe6 fxe6 22. Rxf8 Kxf8 23. Rf1+ Kg8 24. Qf4 Qe7 25. h4 Ng7 26. Rd1 Ne5 27. Qd2 Nf7 28. g3 Nh5 29. g4 Nf6 30. g5 Ng4 31. Qf4 Qa7+ 32. Rd4 Rxc3 33. Qxg4 e5 34. Kf1 exd4 35. Nxc3 dxc3 36. Qc8+ Kg7 37. Qxc3+ Ne5 38. Qd2 Qf7+ 0-1